LEADER 02494nam0 2200361 4500 001 000036215 005 20240110104514.0 010 $a978-88-921-9985-9$beBook-PDF 100 $a20240110d2021----km-y0itay50------ba 101 0 $aita 102 $aIT 105 $ay-------001yy 106 $as 135 $adoug----uuuuu 200 1 $aArgomentazione e lessico nella tradizione giuridica$brisorsa elettronica$eatti del Convegno della Società italiana di storia del diritto$fa cura di Carlotta Latini$eCamerino, 27-29 settembre 2018 210 $aTorino$cGiappichelli$d2021 215 $aXII, 257 p.$c1 testo elettronico 230 $aDati testuali (1 file) 300 $aIn copertina: Società italiana di storia del diritto. 327 1 $aIndice del libro free access:$uhttp://digital.casalini.it/9788892199859 330 $aQuesto volume è il frutto delle riflessioni e delle indagini compiute dagli studiosi che hanno partecipato al Convegno della Società Italiana di Storia del Diritto (Camerino, 27-29 settembre 2018) dedicato al tema \201CArgomentazione e lessico nella tradizione giuridica\201D. L\2019argomentazione, e consequenzialmente il problema dell\2019interpretazione, rappresentano tematiche da sempre centrali nell\2019ambito del panorama del diritto, che si connettono in maniera decisiva al contenuto ed al significato che appartiene alla norma giuridica. L\2019analisi storico-giuridica contenuta nei diversi contributi che compongono il presente lavoro evidenziano proprio come \201Cinterpretare\201D ed \201Cargomentare\201D abbiano assunto significati e ruoli anche molto diversi nel corso del tempo, legati principalmente all\2019alternarsi tra istanze razionalistiche e aspetti \201Cemotivi\201D nella definizione dell\2019argomentare giuridico. 410 0$12001 500 10$aArgomentazione e lessico nella tradizione giuridica$93590231 610 1 $aArgomentazione$aFilosofia del diritto$aStoria$aAtti di congressi 676 $a340.11$v23$9Diritto. Filosofia e teoria 702 1$aLatini,$bCarlotta$4340 710 02$aSocietà italiana di storia del diritto$0199939 801 0$aIT$bUNIPARTHENOPE$c20240109$gRICA$2UNIMARC 856 4 $uhttp://digital.casalini.it/9788892199859$zAccesso limitato alla rete di Ateneo Università di Napoli "Parthenope"$eData ultima consultazione: 2024-01-09 912 $a000036215 951 $aE-BOOK$b49170$cNAVA1$d2024 996 $aArgomentazione e lessico nella tradizione giuridica$93590231 997 $aUNIPARTHENOPE LEADER 02628nam 2200589Ia 450 001 9911019254303321 005 20200520144314.0 010 $a1-282-30129-2 010 $a9786612301292 010 $a0-470-12319-2 010 $a0-470-12396-6 035 $a(CKB)1000000000377189 035 $a(EBL)469819 035 $a(SSID)ssj0000353788 035 $a(PQKBManifestationID)11270479 035 $a(PQKBTitleCode)TC0000353788 035 $a(PQKBWorkID)10302340 035 $a(PQKB)10304453 035 $a(MiAaPQ)EBC469819 035 $a(Perlego)2749871 035 $a(OCoLC)318882843 035 $a(EXLCZ)991000000000377189 100 $a19850725d1999 uy 0 101 0 $aeng 135 $aur|n|---||||| 181 $ctxt 182 $cc 183 $acr 200 00$aAdvances in enzymology and related areas of molecular biology$hVolume 73$iMechanisms of enzyme action$hPart A /$fedited by Daniel L. Purich 210 $aNew York $cWiley$d1999 215 $a1 online resource (302 p.) 225 0 $aAdvances in enzymology and related areas of molecular biology ;$v73/A 300 $aDescription based upon print version of record. 311 08$a0-471-24644-1 320 $aIncludes bibliographical references and index. 327 $aADVANCES IN ENZYMOLOGY; CONTENTS; Preface; Abstracts; Classics in Enzymology: The Kinetics of the Enzyme-Substrate Compound of Peroxidase; Rethinking Fundamentals of Enzyme Action; Adenylosuccinate Synthetase: Recent Developments; Nucleoside Monophosphate Kinases: Structure, Mechanism, and Substrate Specificity; Enzymology of NAD+ Synthesis; Solution Structure and Mechanism of MutT Pyrophosphohydrolase; The Enzymes of Glutathione Synthesis: y-Glutamylcysteine Synthetase; Author Index; Subject Index 330 $aBiological catalysis plays a dominant role both in fermentation and industrial process chemistry. This collection of chapters, written by a well-known biochemist and enzymologist, should serve as an invaluable reference to those investigators seeking to optimize the application of enzymatic catalysis for commercial purposes. 410 0$aAdvances in Enzymology - and Related Areas of Molecular Biology 606 $aClinical enzymology 606 $aEnzymes 615 0$aClinical enzymology. 615 0$aEnzymes. 676 $a572.7 676 $a612.0151 701 $aPurich$b Daniel L$065065 801 0$bMiAaPQ 801 1$bMiAaPQ 801 2$bMiAaPQ 906 $aBOOK 912 $a9911019254303321 996 $aAdvances in enzymology and related areas of molecular biology$94416765 997 $aUNINA LEADER 00891nas 2200361 c 450 001 9910894453703321 005 20260218111936.0 035 $a(CKB)3790000000115803 035 $a(OCoLC)823254245 035 $a(DE-101)1028963823 035 $a(DE-599)ZDB2695420-5 035 $a(DE-599)2695420-5 035 $a(EXLCZ)993790000000115803 100 $a20121214a20109999 |y | 101 0 $azul 135 $aur||||||||||| 181 $ctxt$2rdacontent 182 $cc$2rdamedia 183 $acr$2rdacarrier 200 00$aKubaba 210 31$aLisboa$cUniversidade Nova de Lisboa$d2010- 215 $aOnline-Ressource 311 08$a1647-7642 608 $aZeitschrift$2gnd-content 676 $a930 676 $a700 801 0$b0355 801 1$bDE-101 801 2$b4022 906 $aJOURNAL 912 $a9910894453703321 996 $aKubaba$94256731 997 $aUNINA